000
00298nam a2200133Ia 4500
100
_a
Konvalina/ J./ Wileman/ S.
942
_c
BK
654
_a
programming
245
_a
Programming with PASCAL
260
_b
McGraw Hill
_a
Singapore
_c
1987
082
_a
1.6424
300
_a
622
546
_a
ENGLISH
999
_c
27256
_d
27256